000 00706nam a22002057a 4500
999 _c9915
_d9915
003 AR-CdUCM
008 190328b ||||| |||| 00| 0 spa d
040 _aMUNICIPALIDAD PROVINCIAL DEL CUSCO
_cBIBLIOTECA MUNICIPAL DEL CUSCO
082 _a262.91 /
_bV28 / 1947
100 _aVargas, Isaías.
_926455
245 _aLa democracia auténtica /
260 _aCusco :
_bAmericana,
_c1947.
300 _a344 páginas ;
_c19 cm.
505 _aContenido: La democracia i la justicia social -- La libertad -- La igualdad i la fraternidad -- El marxismo i sus fines...
650 _aDomocracia
_926456
650 _aEnclíticas
_926457
650 _aRerum Novarum
_926458
942 _2ddc
_cLIBROS
945 _adavv